Дело о выкупе земельных наделов временнообязанными крестьянами Е.П. Александровой деревни Николаевки Карачевского уезда Орловско...

Доступно только в Электронных читальных залах Найти на картеНа карте
RUSMARC
00004089nmc2a2200000 x 450
0014dd11db2-3ee2-471b-af25-e4cf3cb2d63e
00520170913155234.0
100##$a20140328l18671867k l0rusy0189 ca
1010#$arus
102##$aRU
2001#$aДело о выкупе земельных наделов временнообязанными крестьянами Е.П. Александровой деревни Николаевки Карачевского уезда Орловской губернии
$j27 января - 16 июня 1867 г.
251##$cДело
300##$aДело
300##$aОриг. заголовок дела: Дело Александровой Е.П. Орловской губернии Карачевского уезда деревни Николаевки. 27 января 1867 г. - 16 июня 1867 г
801#0$aRU
$bРГИА
$c20140328
$gRCR
801#1$aRU
$bГлавНИВЦ
$c20140328
$2rusmarc
801#2$aRU
$bПБ им. Б.Н. Ельцина
$c20170913
$gRCR
$2rusmarc
850##$aРГИА
852##$aРГИА
$eФедеральное казенное учреждение "Российский государственный исторический архив" (РГИА)
$j1065
937##$hРГИА
$d11019891
$aASBIBLIO_SCAN
462#0$10012327ab3a-0548-404e-b4cb-e37355ac5039
$12001
$a1863-1889 гг.
$1251
$cОпись
$1852
$j26
461#0$10018ef30ad5-ff5c-4840-a721-74c62a200f95
$12001
$aГлавное выкупное учреждение Министерства финансов
$1251
$cФонд
$1852
$j577
215##$a27 л.
$d36,5х26 см
371##$aДокумент не является опубликованным и широко распространяемым
105##$ay###
1222#$ad
5171#$aДело Александровой Е.П. Орловской губернии Карачевского уезда деревни Николаевки. 27 января 1867 г. - 16 июня 1867 г.
035##$a4dd11db2-3ee2-471b-af25-e4cf3cb2d63e
856##$uhttp://readingroom.main.prlib.ru/item.aspx?id_node=n104569169&mode=full
Формат отображения